La batalla del Che / (Registro nro. 13147)

Detalles MARC
000 -LIDER
fixed length control field 00624nam a2200205 4500
003 - IDENTIFICACDOR DE NÚMERO DE CONTROL
control field DO-SdBNP
005 - DATE AND TIME OF LATEST TRANSACTION
control field 20171128090559.0
008 - ELEMENTOS DE LONGITUD FIJA
fixed length control field 090706s2007 cu d000 spa d
020 ## - ISBN
International Standard Book Number 9789592592667
040 ## - FUENTE DE CATALOGACIÓN
Agencia que crea de manera original el registro BPMSU
Idioma de catalogación spa
Agencia que realiza la transcripción BPMSU
082 ## - NÚMERO DE CLASIFICACIÓN DECIMAL DE DEWEY
Classification number xxx
Item number xxx
100 ## - ASIENTO PRINCIPAL -- NOMBRE PERSONAL
Nombre personal Duque Sánchez, Luis Oscar
245 #3 - MENCIÓN DE TITULO
Título La batalla del Che /
Mención de responsabilidad Luis Oscar Duque, Manuel Pérez Alfaro
260 ## - PUBLICACIÓN, DISTRIBUCIÓN, ETC. (PIE DE IMPRENTA)
Lugar de publicación, distribución, etc La Habana :
Fecha de publicación, distribución, etc 2007
Nombre del editor, distribuidor, etc. Pablo de la Torriente Editorial,
300 ## - DESCRIPCIÓN FÍSICA
Extensión 32 p. :
Dimensiones 21 cm.
700 ## - ASIENTO SECUNDARIO -- NOMBRE PERSONAL
Nombre personal Pérez Alfaro, Manuel
942 ## - ADDED ENTRY ELEMENTS (KOHA)
Source of classification or shelving scheme Dewey Decimal Classification
Koha item type Mapas
945 ## - INFORMACIÓN DE PROCESAMIENTO LOCAL
Información de procesamiento local Inventariado extranjero / 2017 VM
956 ## - LOCAL ELECTRONIC LOCATION AND ACCESS (OCLC)
Nombre de host VMATEO
Número de acceso 10
Información de compresión 20171128
Inicio de sesión BPMSU
Procesador de solicitud 0069
Existencias
Withdrawn status Lost status Source of classification or shelving scheme Damaged status Not for loan Collection code Home library Current library Date acquired Total Checkouts Full call number Barcode Date last seen Price effective from Koha item type
    Dewey Decimal Classification     Colección General Biblioteca Pública Metropolitana Salomé Ureña Biblioteca Pública Metropolitana Salomé Ureña 11/28/2017   xxx xxx BPMSU17110475 11/28/2017 11/28/2017 Mapas